Derecho del consumidor y acceso a la justicia (Registro nro. 33824)

Detalles MARC
000 -LEADER
fixed length control field 00327 a2200109 4500
001 - CONTROL NUMBER
control field ART_54646
005 - DATE AND TIME OF LATEST TRANSACTION
control field 20260410162029.0
008 - FIXED-LENGTH DATA ELEMENTS--GENERAL INFORMATION
fixed length control field 260409a
100 1# - MAIN ENTRY--PERSONAL NAME
Personal name Rossi, Jorge O.
245 10 - TITLE STATEMENT
Title Derecho del consumidor y acceso a la justicia
773 0# - HOST ITEM ENTRY
Title Temas de derecho procesal
Related parts - N° 11 (nov. 2021)
Record control number REV44095

No hay ítems disponibles.